00863cam a22002413a 450000100060000000300060000600500170001200800410002904000150007004200070008505000070009210000590009924501720015826000290033050600300035951600200038965300410040983000290045085600420047994200070052199900190052895200740054719715PGUSA20140828083422.0061105s2006||||xxu|||||s|||||000 | eng d aPGUSAbeng adc 4aNA1 aQuennell, C. H. B.q(Charles Henry Bourne),d1872-193510aBell's Cathedrals :bThe Cathedral Church of Norwich : A Description of Its Fabric and A Brief History of the Episcopal Seeh[electronic resource] /cC. H. B. Quennell bProject Gutenberg,c2006 aPublic domain in the USA. aElectronic text aNorwich Cathedral (Norwich, England) 0aProject Gutenbergv1971540uhttp://www.gutenberg.org/ebooks/19715 cEB c248970d248970 001040aGTBbGTBd2014-08-28l0r2014-08-28 00:00:00w2014-08-28yEB